| 000 | 00836nas a2200265 4500 | ||
|---|---|---|---|
| 001 | BR9701323 | ||
| 003 | BR-BrBNA | ||
| 005 | 20231205100026.0 | ||
| 007 | ta | ||
| 008 | 230509b bl.|||p| |||| 00| 00por d | ||
| 040 |
_aBR-BrBNA _bpor _cBiblioteca Nacional de Agricultura |
||
| 041 | _a(Pt) | ||
| 072 | _aH60 | ||
| 100 | 1 | _aCaetano, L.C.S. | |
| 100 | 1 | _aSilva, J.F. da | |
| 100 | 1 | _aCardoso, A.A. | |
| 100 | 1 | _aSediyama, T. | |
| 245 | 1 | _aEfeito do modo de aplicacao do metribuzim e de sua combinacao com trifluralin sobre a cultura do guar Cyamopsis tetragonoloba (L.)Taub. | |
| 650 | _aGuar | ||
| 650 | _aHerbicida | ||
| 650 | _aControle Quimico | ||
| 773 | 0 |
_tRevista Ceres (Brazil) _xISSN 0034-737X _g(May-Jun 1996), v. 43(247) p. 245-253 _wBR9701323 |
|
| 909 |
_a202311 _bLúcia _c55 _dLúcia Elande |
||
| 942 |
_2AGRIS _n0 _cANA |
||
| 999 |
_c153980 _d153980 |
||